Books vs cigarettes / (Record no. 14911)

MARC details
000 -LEADER
fixed length control field 01405 a2200229 4500
001 - CONTROL NUMBER
control field 11255
003 - CONTROL NUMBER IDENTIFIER
control field IN-BhIIT
005 - DATE AND TIME OF LATEST TRANSACTION
control field 20260312174538.0
008 - FIXED-LENGTH DATA ELEMENTS--GENERAL INFORMATION
fixed length control field 251224b |||||||| |||| 00| 0 eng d
020 ## - INTERNATIONAL STANDARD BOOK NUMBER
ISBN 9780141036618 (pbk.)
040 ## - CATALOGING SOURCE
Original cataloging agency IN-BhIIT
041 ## - LANGUAGE CODE
Language code of text eng
082 ## - DEWEY DECIMAL CLASSIFICATION NUMBER
Classification number 824.912
Book number ORW/B
100 ## - MAIN ENTRY--AUTHOR NAME
Personal name Orwell, George
Relator term Author
245 ## - TITLE STATEMENT
Title Books vs cigarettes /
Statement of responsibility, etc George Orwell.
260 ## - PUBLICATION, DISTRIBUTION, ETC. (IMPRINT)
Place of publication New Delhi :
Name of publisher Penguin Books Ltd.,
Year of publication 2008.
300 ## - PHYSICAL DESCRIPTION
Number of Pages 126 p. :
Other physical details(ill.) ill. ;
Dimensions(size) 20 cm.
504 ## - BIBLIOGRAPHY, ETC. NOTE
Bibliography, etc Includes bibliographical references. and index.
520 ## - SUMMARY, ETC.
Summary, etc Beginning with a dilemma about whether he spends more money on reading or smoking, George Orwell's entertaining and uncompromising essays go on to explore everything from the perils of second-hand bookshops to the dubious profession of being a critic, from freedom of the press to what patriotism really means.Throughout history, some books have changed the world. They have transformed the way we see ourselves - and each other. They have inspired debate, dissent, war and revolution. They have enlightened, outraged, provoked and comforted. They have enriched lives - and destroyed them. Now Penguin brings you the works of the great thinkers, pioneers, radicals and visionaries whose ideas shook civilization and helped make us who we are.
650 ## - SUBJECT ADDED ENTRY--TOPICAL TERM
Topical Term English essays 
General subdivision Modern Period 
-- 20th Century
942 ## - ADDED ENTRY ELEMENTS (KOHA)
Koha item type General Books
Koha issues (borrowed), all copies 1
Holdings
Withdrawn status Lost status Damaged status Not for loan Collection code Home library Current library Date acquired Source of acquisition Cost, normal purchase price Full call number Accession Number Cost, replacement price Price effective from Koha item type
Not withdrawn Not Lost not damaged   GEN Central Library, IIT Bhubaneswar Central Library, IIT Bhubaneswar 06/03/2025 33 374.25 824.912 ORW/B 11255 499.00 06/03/2025 General Books

Central Library, Indian Institute of Technology Bhubaneswar, 4th Floor, Administrative Building, Argul, Khordha, PIN-752050, Odisha, India
Phone: +91-674-7138750 | Email: circulation.library@iitbbs.ac.in (For circulation related queries),
Email: info.library@iitbbs.ac.in (For other queries)